MDQL
is popping MORE tags! Check the
thread
!
Quizzes
Events
Quiz Creation
Community
Videos
Private Events
Remove Ads
Sign In
Join for FREE
Feedback
Dark Mode
Quiz Categories
Sports
Geography
Music
Movies
Television
Just For Fun
Miscellaneous
History
Literature
Language
Science
Gaming
Entertainment
Religion
Holiday
For Kids
Quiz Lab
Recent
Popular Today
Quiz Kudos Today
Editor Picks
Curator Picks
Quizzes by...
Day
Popularity
Type
Ratings
Length
Year
Community
Subscriptions
Recent Discussions
Orange Saloon
Badges
Playlists
Quests
Create
Leaderboards
Showdown
Live 5
Trivia Bingo
Activity
Puzzle Library
Sporcle Events
Private Events
Virtual Trivia
Globe League
Become a Host
Pub Owners
SporcleCon
Opinionation
Our Games
Videos
Blog
Mobile Apps
Partnerships
Remove Ads and Go Orange
Feedback
Sports
Athletes
MLB
NBA
NHL
NFL
Soccer
Sports Teams
WWE
NCAA
Football
Premier League
Basketball
Baseball
Hockey
Golf
Tennis
Cricket
Rugby
Auto Racing
Olympics
World Cup
Sports
Athletes
MLB
NBA
NHL
NFL
Soccer
Sports Teams
WWE
NCAA
Football
Premier League
Basketball
Baseball
Hockey
Golf
Tennis
Cricket
Rugby
Auto Racing
Olympics
World Cup
Random Quiz
Search Sporcle
×
Quiz Lab
Quiz Lab
Sports
WWE
Type in answers that appear in a list
Type in answers that appear in a list
Classic
Best Score? Go Orange.
Can you name the wrestle who won the wwe title Stats
Can you name the WWE wrestlers who won the wwe title?
By
Korzembainkorea
10m
129 Questions
97 Plays
97 Plays
97 Plays
Comments
Comments
Give Quiz Kudos
Give Quiz Kudos
-
- Ratings
hide this ad
Replay
Link that replays current quiz
Next Quiz
Link to next quiz in quiz playlist
You Got
0%
They Got
Avg Score
85%
Avg Friend Score
Upgrade to see
Score Distribution
Jump to the score distribution portion of the page
Score
0/129
Timer
10:00
0
Plays Today
Year won
Champion
% Correct
2005
John Cena
95.9%
2006
John Cena
95.9%
2006
John Cena
95.9%
2009
John Cena
95.9%
2009
John Cena
95.9%
2010
John Cena
95.9%
2010
John Cena
95.9%
2011
John Cena
95.9%
2011
John Cena
95.9%
2011
John Cena
95.9%
2013
John Cena
95.9%
2014
John Cena
95.9%
2017
John Cena
95.9%
1998
The Rock
94.8%
1999
The Rock
94.8%
1999
The Rock
94.8%
1999
Triple H
94.8%
1999
Triple H
94.8%
2000
Triple H
94.8%
2000
The Rock
94.8%
2000
Triple H
94.8%
2000
The Rock
94.8%
2001
The Rock
94.8%
2002
Triple H
94.8%
2002
The Rock
94.8%
2007
Triple H
94.8%
2008
Triple H
94.8%
2009
Triple H
94.8%
2013
The Rock
94.8%
2016
Triple H
94.8%
1992
The undertaker
93.8%
1996
Shawn Michaels
93.8%
1997
Shawn Michaels
93.8%
1997
The undertaker
93.8%
1997
Shawn Michaels
93.8%
1999
The Undertaker
93.8%
2002
The Undertaker
93.8%
2015
Seth Rollins
92.8%
2015
Roman Reigns
92.8%
2015
Roman Reigns
92.8%
2016
Roman Reigns
92.8%
2016
Seth Rollins
92.8%
1984
Hulk Hogan
91.8%
Year won
Champion
% Correct
1989
Hulk Hogan
91.8%
1991
Hulk Hogan
91.8%
1992
Hulk Hogan
91.8%
1993
Hulk Hogan
91.8%
1998
Kane
90.7%
2007
Randy Orton
90.7%
2007
Randy Orton
90.7%
2009
Randy Orton
90.7%
2009
Randy Orton
90.7%
2009
Randy Orton
90.7%
2010
Randy Orton
90.7%
2013
Randy Orton
90.7%
2013
Randy Orton
90.7%
2002
Brock Lesnar
89.7%
2003
Brock Lesnar
89.7%
2003
Brock Lesnar
89.7%
2011
CM Punk
89.7%
2011
CM Punk
89.7%
2013
Daniel Bryan
89.7%
2013
Daniel Bryan
89.7%
2014
Daniel Bryan
89.7%
2014
Brock Lesnar
89.7%
2016
Dean Ambrose
89.7%
2016
AJ Styles
89.7%
1999
Big Show
88.7%
2002
Big Show
88.7%
2006
Edge
88.7%
2006
Edge
88.7%
2008
Edge
88.7%
2009
Edge
88.7%
1998
Stone Cold Steve Austin
87.6%
1998
Stone Cold Steve Austin
87.6%
1999
Stone Cold Steve Austin
87.6%
1999
Stone Cold Steve Austin
87.6%
2001
Stone Cold Steve Austin
87.6%
2001
Stone Cold Steve Austin
87.6%
1992
Ric Flair
86.6%
1992
Ric Flair
86.6%
2009
Sheamus
86.6%
2010
Sheamus
86.6%
2015
Sheamus
86.6%
1992
Bret Hart
85.6%
1994
Bret Hart
85.6%
Year won
Champion
% Correct
1995
Bret Hart
85.6%
1997
Bret Hart
85.6%
1997
Bret Hart
85.6%
2000
Kurt Angle
85.6%
2001
Kurt Angle
85.6%
2002
Kurt Angle
85.6%
2003
Kurt Angle
85.6%
2009
Batista
85.6%
2010
Batista
85.6%
1998
Mankind
84.5%
1999
Mankind
84.5%
1999
Mankind
84.5%
1988
Randy Savage
82.5%
1992
Randy Savage
82.5%
1963
Bruno Sammartino
80.4%
1973
Bruno Sammartino
80.4%
1990
Ultimate Warrior
80.4%
1988
Andre the Giant
79.4%
1993
Yokozuna
79.4%
1993
Yokozuna
79.4%
2011
Alberto Del Rio
79.4%
2011
Alberto Del Rio
79.4%
2008
Jeff Hardy
78.4%
2010
The Miz
78.4%
1963
Buddy Rogers
76.3%
2004
Eddie Guerrero
74.2%
2011
Rey Mysterio
74.2%
2001
Chris Jericho
72.2%
2004
JBL
72.2%
1978
Bob Backlund
69.1%
1994
Bob Backlund
69.1%
1994
Diesel
69.1%
2006
Rob Van Dam
66%
1983
The Iron Sheik
62.9%
1991
Sgt. Slaughter
59.8%
1971
Pedro Morales
55.7%
1996
Sid
52.6%
1999
Mr. McMahon
52.6%
1971
Ivan Koloff
48.5%
1977
Superstar Billy Graham
47.4%
1997
Sycho Sid
45.4%
1973
Stan Stasiak
42.3%
2002
Hollywood Hulk Hogan
39.2%
Quiz Playlist
Details
Report
Send in Message
Add To Playlist
Classic:
Type in answers that appear in a list
Last Updated: Feb 16, 2017
Quiz Scoreboard
CHALLENGE
Sign Up to Join the Scoreboard
Show All
Scores
Hide
Comments
May contain spoilers
Recently Published
Colored Red Africa Blitz
by spor1
Geography
30s
Find the 'City' Movie
by crazypaving
Movies
60s
5x2 Blitz: Bands
by SL_Kpop136
Music
30s
More to Explore
Quiz From the Vault
Featured Blog Post
14 Easter Pick-up Lines to Find Eggs With
hide this ad
You Might Also Like...
Tags
WWE Quiz
champion
Won
Wrestling
Today's Top Quizzes in Sports
Browse Sports
hide this ad
Today's Top Quizzes in WWE
Browse WWE
Top Contributed Quizzes in Sports
1
Les entraîneurs de l'OM et du PSG au 21e siècle
2
Les meilleurs buteurs des matchs entre le PSG et l’OM
3
Les joueurs passés par le PSG et l'OM
4
Players with Multiple 50 Home Run Seasons
5
2022 World Cup Stars
6
Criteria MLB: Left Handed Sluggers
7
NBA Logic Puzzle 2.0
8
MLB Players with Two .350 Batting Average Seasons
9
Top 10 NHL Goal Scorers of All Time
10
Les joueurs passés par le LOSC et le RC Lens
Explore More
Trending Topics
Harry Potter
Kpop
Marvel
Disney
Anime
Crossword
NBA
WWE
Puzzle
Country
The Office
Song
NFL
Pokémon
Soccer
hide this ad
More By:
Korzembainkorea
Quiz
Plays
Rating
Category
Featured
Created
characters from dog with a blog
760
Entertainment
Feb 15, 2017
Can you name the wrestle who won the wwe title
97
1.00
Sports
Feb 1, 2017
The top players in each division NBA
42
Sports
Jan 1, 2017
German 1
9
Language
Aug 21, 2022
Go to Creator's Profile
Score Distribution
Quiz Creator Spotlight
Korzembainkorea
Follow
Send a Message
Quizzes Created
-
Created Quiz Play Count
-
More By This Creator
Popular Quizzes Today
1
Colored Red Africa Blitz
2
Find the 'City' Movie
3
5x2 Blitz: Bands
4
Find the US States - No Outlines Minefield
5
The Countries of the World
6
Find the US States
7
US States
8
Find the Countries of Europe - No Outlines Minefield
More Sports Quizzes
MLB Active Pitchers with 100+ Wins
Quiz Lab
Trending Quizzes
Colored Red Europe Blitz I
Colored Red Europe Blitz II
Colored Red Africa Blitz II
Colored Red Europe Blitz III
Colored Red Africa Blitz III
Recently Updated
How Do You Spell That?
pecheneg
Godzilla Movies
pecheneg
Grab Bag: 4-10 Letters
pecheneg
2024 March Madness Bracket
pecheneg
Famous TV Couples
Peacemaker
Champions League XIs: Real Madrid
pecheneg
Largest US Cities 1790-2010
pecheneg
Rides in Walt Disney World
pecheneg
Most Oscar Losses (Acting)
pecheneg
Beyoncé Albums
pecheneg
Trending Topics
Disney
Crossword
Anime
Marvel
NBA
Kpop
Harry Potter
Pokémon
Puzzle
Song
Soccer
WWE
Country
The Office
NFL
Your Account Isn't Verified!
In order to create a playlist on Sporcle, you need to verify the email address you used during registration. Go to your
Sporcle Settings
to finish the process.
Report this User
Report this user for behavior that violates our
Community Guidelines
.
Details:
Send Report
Go to the Sporcle.com Mobile Site →
Comments